000 00364nam a2200157Ia 4500
003 OSt
005 20240206152354.0
008 170523s9999 xx 000 0 und d
020 _a978-0750602105
040 _ciimt university meerut
100 _aPALIWODA- STAN
245 0 _aINTERNATIONAL MARKETING
260 _bMC GRAW HILL
260 _c1987
942 _2ddc
_c02
999 _c350
_d350